| 000 -LEADER |
| fixed length control field |
00359nam a22001337a 4500 |
| 008 - FIXED-LENGTH DATA ELEMENTS--GENERAL INFORMATION |
| fixed length control field |
151015b xxu||||| |||| 00| 0 eng d |
| 020 ## - INTERNATIONAL STANDARD BOOK NUMBER |
| International Standard Book Number |
0805839909 |
| 041 0# - LANGUAGE CODE |
| Language code of text/sound track or separate title |
eng |
| 080 ## - UNIVERSAL DECIMAL CLASSIFICATION NUMBER |
| Universal Decimal Classification number |
336.7 |
| 245 0# - TITLE STATEMENT |
| Title |
Maintaining Relationships Through Communication |
| Statement of responsibility, etc |
Daniel J. Canary - Marianne Dainton |
| 300 ## - |
| -- |
337 |
| -- |
me il. |
| 650 ## - |
| -- |
communication |
| 942 ## - ADDED ENTRY ELEMENTS (KOHA) |
| Source of classification or shelving scheme |
|
| Item type |
Books |